000 00831nam a2200169Ia 4500
008 090711s9999 xx 000 0 und d
082 _b255
100 _aबेडेकर िSाात्र
245 _aअलेक्झांडर ग्रॅहॅम बेल / डॉ. अलेक्झांडर फ्लेमिंग
260 _bलोक वाङमय गृह
_c1997
300 _a40+42
600 _aबेडेकर िSाात्र
630 _aअलेक्झांडर ग्रॅहॅम बेल / डॉ. अलेक्झांडर फ्लेमिंग
700 _aबेडेकर िSाात्र
730 _aअलेक्झांडर ग्रॅहॅम बेल / डॉ. अलेक्झांडर फ्लेमिंग
942 _cBOOK
999 _c328885
_d328885